Volviendo a Matusalem (Registro nro. 302678)

Detalles MARC
000 -ENCABEZADO
Número de control [NR] 01244nam a22002417a 4500
005 - FECHA Y HORA DE LA ÚLTIMA TRANSACCIÓN
control field 20160329113009.0
008 - DE LONGITUD FIJA DE DATOS DE ELEMENTOS - INFORMACIÓN GENERAL
Elementos de longitud fija [NR] 160209s spa||||fr|||| 001 e spa d
040 ## - FUENTE DE CATALOGACION [NR]
Quien Cataloga Sandra Yazo
Quien Clasifica Sandra Yazo
041 1# - CODIGO DE IDIOMA [R]
Código de idioma para texto/pista de sonido o título separado [R] Español
082 04 - NUMERO DE CLASIFICACION DECIMAL DEWEY [R]
Número de la edición [NR] 20
Número de clasificación [R] 820.4
092 ## - SIGNATURA TOPOGRAFICA LOCAL
Número de clasificación local E38N038
100 1# - ASIENTO PRINCIPAL--NOMBRE PERSONAL [NR]
Nombre personal [NR] Shaw, Bernard
Fechas asociadas con el nombre [NR] 1856-1950 ‎
ID Autoridad 75395
245 10 - MENCION DE TITULO [NR]
Título [NR] Volviendo a Matusalem
Parte restante del título [NR] Un pentateuco metabiológico
Mención de responsabilidad, etc. [NR] Bernard Shaw
260 ## - PUBLICACION, DISTRIBUCION, ETC. (PIE DE IMPRENTA) [R]
Lugar de publicación, distribución, etc. [R] Madrid (España)
Nombre del editor, distribuidor, etc. [R] M. Aguilar
Fecha de publicación, distribución, etc. [R] [fecha desconocida]
300 ## - DESCRIPCION FISICA [R]
Extensión [R] 423 páginas
Dimensiones [R] 19 x 13 cm.
500 ## - NOTA GENERAL [R]
Nota general [NR] Detalles físicos: Detalles físicos: encuadernación rígida en cartón forrado en papel. Lomo en tela encolada con adornos en dorado. Guardas. Anteportada. Portada impresa en una sola tinta. Cenefas. Texto impreso en una sola columna con notas al pie de página. Ejemplar en buen estado de conservación
505 2# - NOTA DE CONTENIDO CON FORMATO PREESTABLECIDO [R]
Nota de contenido con formato preestablecido [NR] Prefacio ; En el principio ; Acto segundo ; El evangelio de los hermanos Barnadas ; La cosa sucede ; La tragedia de un caballero entrado en años ; Acto tercero ; Hasta donde alcanza el pensamiento
506 ## - NOTA DE RESTRICCIONES DE ACCESO [R]
Condiciones de acceso [NR] Consulta en sala
650 #7 - ASIENTO SECUNDARIO DE MATERIA - TERMINO TEMATICO [R]
9 (RLIN) 14569
Término temático o nombre geográfico como elemento de entrada [NR] Ensayos irlandeses
650 #7 - ASIENTO SECUNDARIO DE MATERIA - TERMINO TEMATICO [R]
9 (RLIN) 18691
Término temático o nombre geográfico como elemento de entrada [NR] Literatura irlandesa
690 ## - ASUNTO AGREGADO LOCAL DE ENTRADA - TÉRMINO TEMÁTICO (OCLC, RLIN)
Acceso temático local Literatura europea
9 (RLIN) 26524
942 ## - ELEMENTOS DE ENTRADA AGREGADOS (KOHA)
Sistema de clasificación LOCAL
Tipo de ítem principal el descrito en 300a Libro
Edición 1
Clasificación E38N038
Existencias
Suprimido Perdido Sistema de clasificación Dañado No prestable Tipo de ítem específico Ubicación habitual Ubicación actual Localización Fecha de creación Forma de adquisición Costo Total préstamos Signatura topográfica Código de barras Última vez visto Ejemplar Price effective from Tipo de ítem
    LOCAL     Libro archivo Archivo Histórico Archivo Histórico Archivo histórico 09/02/2016 Donación 0.00   E38N038 L005342 09/02/2016 Ej.1 09/02/2016 Libro